LEADER 01878nam2 2200337 i 450 001 URB0705748 005 20251003044434.0 020 $aIT$b2009-5561 100 $a20090320d2009 ||||0itac50 ba 101 | $aita 102 $ait 181 1$6z01$ai $bxxxe 182 1$6z01$an 183 1$6z01$anc$2RDAcarrier 200 1 $aˆ3: ‰Concordato preventivo, accordi di ristrutturazione, liquidazione coatta amministrativa, amministrazione straordinaria, profili internazionali, disciplina penale, fiscale e transitoria$f[Pasquale Brenca et al.] 210 $aTorino$cUTET giuridica$aMilanofiori, Assago$cWolters Kluwer Italia$d2009 215 $aP. XXII, 1574-2227$d25 cm 461 1$1001URB0705727$12001 $aFallimento e altre procedure concorsuali$fdiretto da Giuseppe Fauceglia e Luciano Panzani$v3 606 $aFallimento$2FIR$3CFIC009340$9I 606 $aProcedure concorsuali$2FIR$3CFIC003216$9E 676 $a346.45078$9DIRITTO COMMERCIALE. FALLIMENTO. ITALIA$v23 696 $aProcedure concursuali 699 $aProcedure concorsuali$yProcedure concursuali 702 1$aBrenca$b, Pasquale$3URBV335897 801 3$aIT$bIT-000000$c20090320 850 $aIT-BN0095 912 $aURB0705748 950 2$aBiblioteca Centralizzata di Ateneo$cv. 1-3$d 01BCA SC. SOCIAL 8$e 01C 0800217675 VMA (0003 v. 3 (Precedente collocazione: TRA (C) DIR 346.45078 (0003)$fB $h20121029$i20121029$cv. 1.-3$d 01POZZO LIB.ECON MON 2752$e 0101 0000208695E VMA (0003 v. 3 precedente collocazione sez. DASES C 204 3$fB $h20091222$i20091222 977 $a 01 996 $aConcordato preventivo, accordi di ristrutturazione, liquidazione coatta amministrativa, amministrazione straordinaria, profili internazionali, disciplina penale, fiscale e transitoria$9942344 997 $aUNISANNIO